000 00334nam a22001457a 4500
008 210308b ||||| |||| 00| 0 eng d
020 _a039803821X
041 _aeng
080 _a617
082 _a617
100 _a6
101 _aANE
245 _aCardiovascular Phisiology for Anesthesiologists
_cGordon, R.J
942 _2udc
_cBK
999 _c55936
_d55936